LDR 00734naa#a2200169#i#450# 001 EN\\bibl\120653 005 20260416155029.4 011 ## _a2409-1073 100 ## _a20240620b2024####ek#y0engy0150####ca 102 ## _aRU 200 1# _aTogether. In the Space of Meanings by E. V. Ilyenkov (Philosophical Essay) _eJournal article 210 1# _aMoscow _cNational Research University of Electronic Technology _d2024 215 ## _a0 с. 608 ## _aJournal article _2local 675 ## _aЛогика. Теория познания. Методология и логика науки. 16 _aНаука в целом. Науковедение. Организация умственного труда. 001 _z 700 #1 _aLobastov _gGennadiy V. 856 4# _aesgi-journal.ru _u